000 00311nam a2200133Ia 4500
008 200103s9999||||xx |||||||||||||| ||und||
040 _aIMU-MPC
082 _aColumn-57
100 _aBenkovsky, D.
245 0 _aTechnology of Ship Repairing
260 _bMir Publishers, Moscow
300 _a573
942 _cBK
999 _c10653
_d10653